[Event "Heusenstamm Schloss op"]
[Site "Heusenstamm"]
[Date "2023.11.25"]
[Round "5"]
[White "Auge, Hendrik"]
[Black "Kuepper, Martin"]
[Result "0-1"]
[WhiteElo "1820"]
[BlackElo "1941"]
[PlyCount "80"]
[EventDate "2023.11.23"]
[EventType "swiss"]
[EventRounds "7"]
[EventCountry "GER"]
[SourceTitle "CB50_2023"]
[SourceDate "2023.12.13"]
[SourceVersion "1"]
[SourceVersionDate "2023.12.13"]
[SourceQuality "1"]

1. e4 g6 2. d4 Bg7 3. Nc3 a6 4. f4 b5 5. a3 d6 6. h3 Bb7 7. Nf3 Nd7 8. Be3 c5 9. Bd3 cxd4 10. Bxd4 Bxd4 11. Nxd4 Qb6 12. Nde2 Ngf6 13. Qd2 Nc5 14. Qe3 0-0 15. 0-0 Rac8 16. Ng3 Na4 17. Qxb6 Nxb6 18. Nd1 Nfd7 19. Nf2 Rc7 20. h4 Nc5 21. Be2 Nca4 22. b3 Nc5 23. h5 Ne6 24. f5 Nd4 25. Bd3 Rfc8 26. fxg6 hxg6 27. hxg6 fxg6 28. Ng4 Nxc2 29. Ra2 Rc3 30. Rf3 Nd4 31. Re3 Kg7 32. e5 Nd5 33. Ne2 Nxe3 34. Nxc3 Nxg4 35. Ne2 Nxe2+ 36. Bxe2 Rc1+ 37. Bf1 dxe5 38. g3 Ne3 39. Rf2 Rxf1+ 40. Rxf1 Nxf1 0-1

[Event "Heusenstamm Schloss op"]
[Site "Heusenstamm"]
[Date "2023.11.25"]
[Round "4"]
[White "Sasikumar Anitha, Sarvesh"]
[Black "Auge, Hendrik"]
[Result "0-1"]
[WhiteElo "1466"]
[BlackElo "1820"]
[PlyCount "130"]
[EventDate "2023.11.23"]
[EventType "swiss"]
[EventRounds "7"]
[EventCountry "GER"]
[SourceTitle "CB50_2023"]
[SourceDate "2023.12.13"]
[SourceVersion "1"]
[SourceVersionDate "2023.12.13"]
[SourceQuality "1"]

1. e4 c6 2. d4 d5 3. e5 c5 4. c3 Nc6 5. Nf3 cxd4 6. cxd4 Bg4 7. Bb5 e6 8. 0-0 Nge7 9. Bg5 Qb6 10. Nc3 Nf5 11. Be3 Be7 12. h3 Bxf3 13. Qxf3 0-0 14. a4 Ncxd4 15. Bxd4 Nxd4 16. Qg4 Nxb5 17. Nxb5 a6 18. Nd4 Bc5 19. Nf3 Rac8 20. Rab1 Be7 21. b3 Rc3 22. b4 Rc4 23. Qg3 Rxb4 24. Rxb4 Qxb4 25. Qg4 Qxg4 26. hxg4 Rc8 27. Rb1 Rc7 28. Kf1 Kf8 29. Ke2 Ke8 30. Nd2 Kd8 31. f4 Kc8 32. Kd3 Rc5 33. Ra1 h6 34. g3 f6 35. Nb3 Rc4 36. Nd2 Rc7 37. Nb3 Bb4 38. Rc1 Rxc1 39. Nxc1 fxe5 40. fxe5 Be1 41. Ne2 Bf2 42. Kc3 a5 43. Kd3 Kd7 44. Kc3 Kc6 45. Kd3 b5 46. axb5+ Kxb5 47. Kc3 a4 48. Kb2 Kb4 49. Kb1 d4 50. Nc1 Bxg3 51. Kc2 g6 52. Nd3+ Kb5 53. Kb2 h5 54. gxh5 gxh5 55. Kc2 h4 56. Kb2 h3 57. Kc2 h2 58. Kb2 h1Q 59. Kc2 Qe4 60. Kd2 Qe3+ 61. Kc2 Qe2+ 62. Kc1 Qxd3 63. Kb2 Qc3+ 64. Ka2 a3 65. Kb1 Qb2# 0-1

[Event "GER-ch Net blitz qual4"]
[Site "Playchess.com INT"]
[Date "2020.03.23"]
[Round "4"]
[White "Auge, Hendrik"]
[Black "Mittag, Ralf"]
[Result "0-1"]
[WhiteElo "1677"]
[BlackElo "2089"]
[PlyCount "106"]
[EventDate "2020.03.23"]
[EventType "swiss (blitz)"]
[EventRounds "9"]
[EventCountry "GER"]
[SourceTitle "CBM 195 Extra"]
[Source "ChessBase"]
[SourceDate "2020.05.31"]
[SourceVersion "1"]
[SourceVersionDate "2020.05.31"]
[SourceQuality "1"]

1. e4 g6 2. d4 Bg7 3. Nf3 d6 4. Nc3 Nc6 5. Be3 Bg4 6. Be2 Bxf3 7. Bxf3 e5 8. d5 Nd4 9. Bxd4 exd4 10. Ne2 c5 11. dxc6 bxc6 12. Nxd4 Qb6 13. Nb3 Bxb2 14. Rb1 Bc3+ 15. Kf1 Rd8 16. g3 Ne7 17. Kg2 0-0 18. Qd3 Bg7 19. Rhe1 d5 20. e5 c5 21. Nd4 Qa5 22. Nb5 c4 23. Qd4 Nf5 24. Qc5 a6 25. Qa3 Qxa3 26. Nxa3 Nd4 27. c3 Nxf3 28. Kxf3 Rfe8 29. Nc2 Rxe5 30. Nd4 Rxe1 31. Rxe1 Bxd4 32. cxd4 Rc8 33. Rc1 c3 34. Kf4 f6 35. h4 Rc4 36. Ke3 Kf7 37. Kd3 Ra4 38. Rxc3 Rxa2 39. Rc7+ Ke6 40. Rxh7 Rxf2 41. Rb7 Rf3+ 42. Ke2 Rxg3 43. Rb6+ Kf5 44. Rxa6 Rh3 45. Rd6 Rxh4 46. Rxd5+ Ke4 47. Rd6 Rh2+ 48. Kf1 Kf5 49. Rb6 Rd2 50. Rb5+ Kf4 51. Rb6 f5 52. Rxg6 Kf3 53. Rf6 Rd1# 0-1

[Event "GER North-chT U16"]
[Site "Magdeburg"]
[Date "2006.08.26"]
[Round "2.2"]
[White "Auge, Hendrik"]
[Black "Schwenke, Vincent"]
[Result "1/2-1/2"]
[WhiteElo "1326"]
[BlackElo "1749"]
[PlyCount "91"]
[EventDate "2006.08.26"]
[EventType "team"]
[EventRounds "7"]
[EventCountry "GER"]
[SourceTitle "EXT 2007"]
[Source "ChessBase"]
[SourceDate "2006.11.23"]
[SourceVersion "1"]
[SourceVersionDate "2006.11.23"]
[SourceQuality "1"]

1. d4 f5 2. c4 Nf6 3. Nc3 g6 4. Bg5 Bg7 5. Nf3 0-0 6. Bxf6 Bxf6 7. e3 b6 8. Be2 Bb7 9. 0-0 d6 10. d5 Qd7 11. Nd4 Bxd4 12. Qxd4 e5 13. Qd2 Qe7 14. Rac1 Nd7 15. b4 a5 16. a3 Nf6 17. Qc2 Qd7 18. Rfd1 Rfb8 19. Rb1 Bc8 20. Rb2 Rb7 21. Rbb1 axb4 22. axb4 Rba7 23. Rbc1 Ra3 24. Rb1 Qe7 25. Rb2 Bd7 26. b5 Qd8 27. Rbb1 R8a7 28. Rb2 Qa8 29. Rbb1 Be8 30. Rb3 R3a5 31. Rbb1 Nd7 32. Rb2 Nc5 33. Rbb1 Na4 34. Nxa4 Rxa4 35. Bf1 Ra2 36. Rb2 R2a4 37. Rbb1 Qb8 38. Rb2 Ra8 39. Rbb1 Qa7 40. Rb2 Qa5 41. Rdb1 Ra3 42. Rb3 Rxb3 43. Rxb3 Qe1 44. Rb1 Qa5 45. Rb3 Qa4 46. Qc3 1/2-1/2